Top maritime superpowes - Statistics

General Stats
  • This quiz has been taken 25 times
  • The average score is 13 of 20
Answer Stats
Hint Answer % Correct
2 China
100%
13 United kingdom
100%
8 United states of america
100%
19 India
95%
3 Japan
95%
16 Italy
80%
4 Singapore
80%
6 South korea
80%
12 Turkey
80%
18 Netherlands
75%
10 Taiwan
75%
20 Indonesia
70%
9 Germany
65%
14 Denmark
50%
11 Norway
50%
1 Greece
45%
7 Panama
45%
15 Cyprus
20%
5 Hongkong
20%
17 Switzerland
10%
No matching quizzes found
Score Distribution
Percent of People with Each Score
Percentile by Number Answered
Your Score History
You have not taken this quiz